ბათუმის შოთა რუსთაველის სახელმწიფო უნივერსიტეტის ბიბლიოთეკა

ადამიანის ფიზიოლოგია : (ბიბ.ჩანაწერი № 58648)

000 -ლიდერი
ფიქსირებული სიგრძის საკონტროლო ველი 02084nam a22002897a 4500
003 - საკონტროლო ნომრის იდენტიფიკატორი
საკონტროლო ველი Ge_BSU
005 - ბოლო ოპერაციის თარიღი და დრო
საკონტროლო ველი 20220621134458.0
008 - ფიქსირებული სიგრძის მონაცემთა ელემენტები - ზოგადი ინფორმაცია
ფიქსირებული სიგრძის საკონტროლო ველი 220621b xxu||||| |||| 00| 0 geo d
020 ## - წიგნის საერთაშორისო სტანდარტული ნომერი
International Standard Book Number 9789941800252
041 ## - ენის კოდი
Language code of text/sound track or separate title geo
080 ## - უნივერსალური ათობითი კლასიფიკაციის ინდექსი
Universal Decimal Classification number 612(075.8) ა-26
245 ## - ცნობა სათაურის შესახებ
Title ადამიანის ფიზიოლოგია :
Remainder of title სახელმძღვანელო უმაღლესი სამედ. სასწავლებლის სტუდენტებისათვის /
Statement of responsibility, etc შედგენაში მონაწილეობდნენ: გურამ სანადირაძე, ნაილი ჩიხორია, ლაურა ცხადაძე [და სხვ.] ; ირინე კვაჭაძის რედაქციით ; თბილისის სახელმწ. სამედ. უნ-ტი.
250 ## - გამოცემის ცნობა
Edition statement (მე-5 გამოცემა.)
264 ## - წარმოების, გამოცემის, დისტრიბუციის და სხვა ცნობები
გამოცემის, წარმოების, დისტრიბუციის... ადგილი თბილისი :
გამოცემის, წარმოების, დისტრიბუციის... სახელწოდება საუნჯე,
გამოცემის, წარმოების, დისტრიბუციის... თარიღი 2018.
300 ## - ფიზიკური აღწერა
Extent 522 გვ. :
Other physical details სურ. ;
Dimensions 28 სმ.
500 ## - ზოგადი შენიშვნა
General note წიგნი გამოცემულია ფარმაცევტული კომპანიის ""Pharmakinesis" ფინანსური დახმარებით.
504 ## - BIBLIOGRAPHY, ETC. NOTE
Bibliography, etc ბიბლიოგრ.: გვ. 521.
653 ## - INDEX TERM--UNCONTROLLED
Uncontrolled term ადამიანის ფიზიოლოგია
700 ## - ADDED ENTRY--PERSONAL NAME
Personal name სანადირაძე, გურამ
Relator term შემდგენელი
9 (RLIN) 6800
700 ## - ADDED ENTRY--PERSONAL NAME
Personal name ჩიხორია, ნაილი
Relator term შემდგენელი
9 (RLIN) 14188
700 ## - ADDED ENTRY--PERSONAL NAME
Personal name ცხადაძე, ლაურა
Relator term შემდგენელი
9 (RLIN) 14189
700 ## - ADDED ENTRY--PERSONAL NAME
Personal name მჟავანაძე, დარეჯან
Relator term შემდგენელი
9 (RLIN) 6801
700 ## - ADDED ENTRY--PERSONAL NAME
Personal name ჭიჭინაძე, გიორგი
Relator term შემდგენელი
9 (RLIN) 6802
700 ## - ADDED ENTRY--PERSONAL NAME
Personal name დუმბაძე, ზაზა
Relator term შემდგენელი
9 (RLIN) 6803
700 ## - ADDED ENTRY--PERSONAL NAME
Personal name კვაჭაძე, ირინე
Relator term რედაქტორი
9 (RLIN) 6804
942 ## - ADDED ENTRY ELEMENTS (KOHA)
Source of classification or shelving scheme
Koha item type წიგნი
ეგზემპლარები
ჩამოწერის სტატუსი დაკარგული ეგზემპლარის სტატუსი კლასიფიკაციის წყარო ან თაროზე გაწყობის სქემა დაზიანების სტატუსი არ გაიცემა მუდმივი მდებარეობა (დაცვის ადგილი) ამჟამინდელი ადგილსამყოფელი თაროზე განთავსების ადგილი შეძენის თარიღი ღირებულება, შესყიდვის ნორმალური ფასი სრული შენახვის შიფრი შტრიხკოდი ბოლო ოპერაციის თარიღი ეგზემპლარის მიმდევრობითი ნომერი (კეტერი?) ფასის ძალაში შესვლის თარიღი ეგზემპლარის სახეობა საჯარო შენიშვნა
          ბათუმის შოთა რუსთაველის სახელმწიფო უნივერსიტეტის მთავარი ბიბლიოთეკა ბათუმის შოთა რუსთაველის სახელმწიფო უნივერსიტეტის მთავარი ბიბლიოთეკა წიგნსაცავი 2022-06-21 40.00 612(075.8) ა-26 62726 2022-06-21 62726 2022-06-21 წიგნი 40 ლ.
          ბათუმის შოთა რუსთაველის სახელმწიფო უნივერსიტეტის მთავარი ბიბლიოთეკა ბათუმის შოთა რუსთაველის სახელმწიფო უნივერსიტეტის მთავარი ბიბლიოთეკა წიგნსაცავი 2022-06-21 40.00 612(075.8) ა-26 62727 2022-06-21 62727 2022-06-21 წიგნი 40 ლ.
          ბათუმის შოთა რუსთაველის სახელმწიფო უნივერსიტეტის მთავარი ბიბლიოთეკა ბათუმის შოთა რუსთაველის სახელმწიფო უნივერსიტეტის მთავარი ბიბლიოთეკა წიგნსაცავი 2022-06-21 40.00 612(075.8) ა-26 62728 2022-06-21 62728 2022-06-21 წიგნი 40 ლ.
          ბათუმის შოთა რუსთაველის სახელმწიფო უნივერსიტეტის მთავარი ბიბლიოთეკა ბათუმის შოთა რუსთაველის სახელმწიფო უნივერსიტეტის მთავარი ბიბლიოთეკა წიგნსაცავი 2022-06-21 40.00 612(075.8) ა-26 62729 2022-06-21 62729 2022-06-21 წიგნი 40 ლ.
          ბათუმის შოთა რუსთაველის სახელმწიფო უნივერსიტეტის მთავარი ბიბლიოთეკა ბათუმის შოთა რუსთაველის სახელმწიფო უნივერსიტეტის მთავარი ბიბლიოთეკა წიგნსაცავი 2022-06-21 40.00 612(075.8) ა-26 62730 2022-06-21 62730 2022-06-21 წიგნი 40 ლ.